Politics and Society in Bangladesh / (Record no. 20934)

MARC details
000 -LEADER
fixed length control field 00473nam a22001817a 4500
003 - CONTROL NUMBER IDENTIFIER
control field BDDh-ASL
005 - DATE AND TIME OF LATEST TRANSACTION
control field 20231015025941.0
008 - FIXED-LENGTH DATA ELEMENTS--GENERAL INFORMATION
fixed length control field 210116s1987 bg ||||| |||| 00| 0 eng d
040 ## - CATALOGING SOURCE
Transcribing agency BDDh-ASL
082 ## - DEWEY DECIMAL CLASSIFICATION NUMBER
Classification number 301.5492
Item number UMP
100 1# - MAIN ENTRY--PERSONAL NAME
9 (RLIN) 2291
Personal name Umar, Badruddin
245 10 - TITLE STATEMENT
Title Politics and Society in Bangladesh /
260 ## - PUBLICATION, DISTRIBUTION, ETC.
Place of publication, distribution, etc. Dhaka:
Name of publisher, distributor, etc. Subarna,
Date of publication, distribution, etc. 1987.
300 ## - PHYSICAL DESCRIPTION
Extent 232 p.:
Dimensions 22 cm.
650 #0 - SUBJECT ADDED ENTRY--TOPICAL TERM
9 (RLIN) 2636
Topical term or geographic name entry element Politics
650 #0 - SUBJECT ADDED ENTRY--TOPICAL TERM
9 (RLIN) 2391
Topical term or geographic name entry element Social Science
942 ## - ADDED ENTRY ELEMENTS (KOHA)
Source of classification or shelving scheme Dewey Decimal Classification
Koha item type Books
Holdings
Withdrawn status Lost status Source of classification or shelving scheme Damaged status Not for loan Collection code Home library Current library Shelving location Date acquired Source of acquisition Total Checkouts Full call number Barcode Date last seen Copy number Price effective from Koha item type
    Dewey Decimal Classification     Non-fiction Asiatic Society Library Asiatic Society Library General Stacks 01/16/2021 ASB Collection   301.5492 UMP 104445 01/16/2021 C-1 01/16/2021 Books

Powered by Koha